| 000 | 00525nam a22001217a 4500 | ||
|---|---|---|---|
| 999 |
_c4664 _d235168 |
||
| 080 | _a347.1 P 773 | ||
| 245 |
_aPonencias: VIII Congreso nacional y VII Latinoamericano de Derecho Privado _ben homenaje al profesor Roberto López Cabana |
||
| 260 |
_aBuenos Aires _bCentro de Estudiantes de Derecho y Ciencias Sociales _c2001 |
||
| 300 | _a223 P. | ||
| 650 |
_xderecho privado _xderecho civil _xresponsabilidad civil _xderecho de familia _xsucesiones _xderechos de los consumidores _xmenores |
||
| 942 | _6_ | ||
| 945 |
_acd _d2017-11-02 |
||